Boryspil International Airport Destinations (Kyiv, Ukraine) - Statistics

General Stats
  • This quiz has been taken 86 times
    67 since last reset
  • The average score is 80 of 134
Answer Stats
Airline Destination % Correct
KLM/Ukraine International Airlines Amsterdam
92%
Air Astana Astana
92%
Ryanair/SkyUp/Ukraine International Airlines Berlin
92%
SkyUp/Turkish Airlines/Ukraine International Airlines Istanbul
92%
Air France/Ukraine International Airlines Paris (Charles de Gaulle)
92%
Vueling Paris (Orly)
92%
Ukraine International Airlines Stockholm (Arlanda)
92%
Azerbaijan Airlines/Ukraine International Airlines Baku
89%
Ryanair Dublin
89%
Ukraine International Airlines Helsinki
89%
Ukraine International Airlines London (Gatwick)
89%
Ryanair London (Stansted)
89%
Ryanair/SkyUp/Ukraine International Airlines Madrid
89%
Ryanair Warsaw (Modlin)
89%
Ukraine International Airlines Milan (Malpensa)
86%
SkyUp/Ukraine International Airlines Munich
86%
Ukraine International Airlines New York (JFK)
86%
Scandinavian Airlines/Ukraine International Airlines Oslo
86%
airBaltic/Ryanair Riga
86%
SkyUp Rome (Ciampino)
86%
Ryanair/Ukraine International Airlines Rome (Fiumicino)
86%
Air Astana/SkyUp Almaty
84%
AJet/Pegasus Airlines/Ukraine International Airlines Ankara
84%
Ryanair/Skyline Express/SkyUp/Ukraine International Airlines Barcelona
84%
Ukraine International Airlines Budapest
81%
Ukraine International Airlines Copenhagen
81%
flydubai/SkyUp/Ukraine International Airlines Dubai (International)
81%
Ukraine International Airlines/Windrose Airlines Lviv
81%
Austrian Airlines/Ryanair Vienna
81%
Swiss International Air Lines/Ukraine International Airlines Zürich
81%
Ryanair/SkyUp/Ukraine International Airlines Athens
78%
Qatar Airways Doha
78%
Ryanair Kraków
78%
El Al/SkyUp/Ukraine International Airlines Tel Aviv
78%
Ukraine International Airlines Venice
78%
airBaltic/Ryanair Vilnius
78%
Windrose Airlines Zagreb
78%
Ukraine International Airlines Brussels
76%
Ukraine International Airlines Cairo
76%
FlyOne/Ukraine International Airlines Chișinău
76%
Ukraine International Airlines/Windrose Airlines Kharkiv
76%
Ryanair/SkyUp Naples
76%
Ryanair/SkyUp/Ukraine International Airlines/Windrose Airlines Sofia
76%
SkyUp Lyon
73%
Ryanair Manchester
73%
Ryanair Gdańsk
70%
Ukraine International Airlines Geneva
70%
SkyUp Marseille
70%
SkyUp/Ukraine International Airlines/Windrose Airlines Split
70%
Ryanair Bratislava
68%
SkyUp Lisbon
68%
SkyUp Nice
68%
SkyUp/Ukraine International Airlines Tbilisi
68%
Ryanair Wrocław
68%
Skyline Express/SkyUp/Ukraine International Airlines Antalya
65%
Windrose Airlines Belgrade
65%
Ryanair Cologne/Bonn
65%
Ryanair Poznań
65%
SkyUp/Ukraine International Airlines Prague
65%
SkyUp Tashkent
65%
Eurowings/Ukraine International Airlines Düsseldorf
62%
Skyline Express/SkyUp/Ukraine International Airlines Sharm El Sheikh
62%
SkyUp/Ukraine International Airlines Tirana
62%
SkyUp/Ukraine International Airlines Yerevan
62%
SkyUp Batumi
59%
Pegasus Airlines/SkyUp/Ukraine International Airlines İzmir
59%
Windrose Airlines Ljubljana
59%
SkyUp Málaga
59%
Ukraine International Airlines/Windrose Airlines Odesa
59%
SkyUp Riyadh
59%
Ukraine International Airlines Toronto (Pearson)
59%
Ryanair/SkyUp Valencia
59%
SkyUp Varna
59%
Bravo Airways Beirut
57%
Ryanair Bologna
57%
Skyline Express/SkyUp/Windrose Airlines Burgas
57%
Ukraine International Airlines Delhi
57%
SkyUp/Windrose Airlines Dubrovnik
57%
SkyUp Heraklion
57%
Ryanair Katowice
57%
SkyUp Kos
57%
SkyUp Kuwait City
57%
SkyUp Muscat
57%
SkyUp/Ukraine International Airlines/Windrose Airlines Rhodes
57%
SkyUp Salzburg
57%
Bravo Airways Amman (Queen Alia)
54%
Ukraine International Airlines/Windrose Airlines Dnipro
54%
SkyUp Jeddah
54%
SkyUp/Ukraine International Airlines Larnaca
54%
Ryanair Turin
54%
Ryanair/SkyUp Malta
51%
Ryanair/SkyUp/Ukraine International Airlines Bergamo
49%
Ryanair Hahn
49%
Skyline Express/SkyUp Hurghada
49%
SkyUp/Ukraine International Airlines Alicante
46%
Pegasus Airlines/Skyline Express/SkyUp/Ukraine International Airlines/Windrose Airlines Bodrum
46%
Ryanair Chania
46%
Skyline Express/SkyUp/Ukraine International Airlines Dalaman
46%
SkyUp Faro
46%
Ukraine International Airlines Kherson
46%
SkyUp Łódź
46%
Ryanair Paphos
46%
Ryanair/SkyUp Catania
43%
SkyUp Zakynthos
43%
Ukraine International Airlines/Windrose Airlines Zaporizhzhia
43%
SkyUp Dammam
41%
SkyUp/Ukraine International Airlines Marsa Alam
41%
SkyUp Tenerife (South)
41%
SkyUp Tivat
41%
SkyUp Bahrain
38%
Ukraine International Airlines Malé
38%
SkyUp/Ukraine International Airlines/Windrose Airlines Pula
38%
Air Arabia Sharjah
38%
SkyUp Beauvais
32%
Ryanair Bydgoszcz
30%
SkyUp Colombo (Bandaranaike)
30%
SkyUp Funchal
30%
Ukraine International Airlines Kayseri
30%
SkyUp Monastir
30%
Skyline Express Enfidha
27%
Ryanair Weeze
27%
Windrose Airlines Mykolaiv
24%
Ryanair Treviso
24%
SkyUp Lamezia Terme
22%
SkyUp Rimini
22%
Windrose Airlines Uzhhorod
22%
SkyUp Zanzibar
22%
Ukraine International Airlines Cancún
19%
Ukraine International Airlines/Windrose Airlines Ivano-Frankivsk
19%
Skyline Express Punta Cana
19%
Ukraine International Airlines Ras Al Khaimah
19%
SkyUp/Ukraine International Airlines Hambantota (Mattala)
11%
Skyline Express/Ukraine International Airlines La Romana
11%
Skyline Express Nha Trang
11%
No matching quizzes found
Score Distribution
Percent of People with Each Score
Percentile by Number Answered
Your Score History
You have not taken this quiz since the last reset